| 000 | 00344 a2200109 4500 | ||
|---|---|---|---|
| 001 | ART_9578 | ||
| 005 | 20260410161836.0 | ||
| 008 | 260409a | ||
| 245 | 1 | 0 | _aAlgunos conceptos sobre el nuevo código aduanero |
| 100 | 1 | _aFratalocchi, Aldo | |
| 773 | 0 |
_tContabilidad y administración _g- Año 5, Nº 50 (ago. 1981) _wREV5485 |
|
| 999 |
_c23698 _d23698 |
||